| 000 | 00761nam a22002535a 4500 | ||
|---|---|---|---|
| 005 | 20201128023657.0 | ||
| 008 | 160314s2010 ii a fr 001 0 eng d | ||
| 020 | _a9789374734568 | ||
| 020 | _a9374734568 | ||
| 040 |
_aEG-ScBUE _beng _cEG-ScBUE _dEG-ScBUE |
||
| 082 | 0 | 4 |
_a615.321 _bKUM _222 |
| 100 | 1 |
_aKumar, N. _92003 |
|
| 245 | 1 | 2 |
_aA textbook of pharmacognosy / _cN. Kumar. |
| 246 | 3 | 0 | _aPharmacognosy |
| 250 | _a1st ed. | ||
| 260 |
_aDelhi : _bA. I. T. S. Publishers, _c2010. |
||
| 300 |
_aviii, 407 p. : _bill. ; _c22 cm. |
||
| 500 | _aIndex : p. [404]-407. | ||
| 650 | 7 |
_aPharmacognosy. _2BUEsh _939550 |
|
| 650 | 0 |
_aPharmacognosy _vExaminations, questions, etc. _2BUEsh |
|
| 651 | _2BUEsh | ||
| 653 |
_bPPhrm _cMarch2016 _cMarch2017 |
||
| 942 | _2ddc | ||
| 999 |
_c21408 _d21380 |
||